Humanizmus Bohuša Kuľhavého

Bibliographic Details
Main Author: Sika, Pavol, 1952-2012 (Author)
Format: Article
Language:Slovak
PhysicalDescription:Fotogr.
ISSN:0862-5999
Subjects:

MARC

LEADER 00000nab a2200000 a 4500
001 vtls000867945
003 SK-MaSNL
005 20260304214641.0
008 140422c2004 xo 0 slo
015 |a SNBRB2004/04-10367 
035 |a CLN000219497 
040 |a SNKBUCL  |b slo  |c SNKBUCL  |e AACR2 
041 0 |a slo 
044 |a xo  |c SK 
080 |a 75.071.1(048)  |2 1997 
100 1 |a Sika, Pavol,  |d 1952-2012  |4 aut  |9 229346 
245 1 0 |a Humanizmus Bohuša Kuľhavého  |c Pavol Sika 
300 |b Fotogr. 
600 1 7 |a Kuľhavý, Záboj Bohuslav,  |d 1937-2023  |2 snkbucl  |9 19325 
650 0 7 |a monografie  |2 snkbucl  |9 256509 
655 7 |a recenzie  |2 snkbucl  |9 21907 
655 7 |a články z novín a časopisov  |2 snkbucl  |9 267496 
773 0 |t Literárny (dvoj)týždenník  |g Roč. XVII, č. 6-7 (2004), s. 13  |x 0862-5999 
787 0 8 |i Rec.:  |a Podušel, Ľubomír, 1953-  |t Záboj Bohuslav Kuľhavý  |d Bratislava : Fo art, [2003] 
850 |a Slovenská národná knižnica v Martine 
852 |a SNK  |b KIS3GCP 
958 |a RC 
992 |a RBX 
999 |c 3142521  |d 3144451